000 01307cam a2200337 a 4500
001 5642794
003 ARRUPE
005 20150910091418.0
008 820316s1981 gw b 001 0 ger d
020 _a3169427229
035 _a(OCoLC)7979630
035 _a(OCoLC)ocm07979630
035 _a(NNC)5642794
040 _aNIC
_cNIC
041 1 _ager
_heng
090 _aQ175
_b.S925\1981
130 0 _aStructure and development of science.
_lGerman.
_919614
245 1 0 _aVoraussetzungen und Grenzen der Wissenschaft /
_cherausgegeben von Gerard Radnitzky und Gunnar Andersson ; mit Beiträgen von G. Andersson ... [et al.]. ; [Übersetzer, H. Vetter, P.K. Feyerabend, K. Pähler].
250 _aVerb. und erw. deutsche Ausg.
260 _aTübingen :
_bMohr (Siebeck),
_cc1981.
300 _aviii, 390 p. ;
_c24 cm.
490 1 _aDie Einheit der Gesellschaftswissenschaften,
_v 25
500 _aHeelan, Patrick A. - Verbands theoretische betrachtang des erkenntnisfortscheitts p. 339-346
650 0 _aScience
_xPhilosophy.
_xCongresses
_919615
700 1 _aRadnitzky, Gerard.
_914252
_eed.
700 1 _aAndersson, Gunnar,
_d1942-
_914254
_eed.
830 0 _aEinheit der Gesellschaftswissenschaften ;
_vBd. 25.
_919617
942 _2lcc
_cSPC
948 2 _a20060609
_be
_crch2
_dMPS
999 _c123329
_d123329